<?xml version="1.0" encoding="UTF-8"?>
<collection xmlns:xsi="http://www.w3.org/2001/XMLSchema-instance" xsi:schemaLocation="http://www.loc.gov/MARC21/slim http://www.loc.gov/standards/marcxml/schema/MARC21slim.xsd" xmlns="http://www.loc.gov/MARC21/slim">
 <record>
  <leader>00000cab a22000004cb4500</leader>
  <controlfield tag="001">IPP-00000643941</controlfield>
  <controlfield tag="003">IPP</controlfield>
  <controlfield tag="005">20220715163404.0</controlfield>
  <controlfield tag="008">220715s2014    xx     d | ||r |||||eng||</controlfield>
  <datafield tag="041" ind1="#" ind2="#">
   <subfield code="a">eng</subfield>
  </datafield>
  <datafield tag="100" ind1="1" ind2="#">
   <subfield code="a">Yangot, Cheryl L. Daytec</subfield>
  </datafield>
  <datafield tag="245" ind1="1" ind2="0">
   <subfield code="a">Till the judge do them part</subfield>
   <subfield code="b">the prospect of absolute divorce in the Philippines</subfield>
  </datafield>
  <datafield tag="264" ind1="#" ind2="1">
   <subfield code="c">2014</subfield>
  </datafield>
  <datafield tag="520" ind1="#" ind2="#">
   <subfield code="a">The Philippines is the only member state of the United Nations without a general divorce law which is attributed to the influence of the Roman Catholic Church for more than 300 years of Spanish colonization. Currently, the Philippine legal regime permits legal separation, annulment, and declaration of nullity of marriage,  although divorce by Muslims and indigenous peoples as well as one validly obtained abroad by a foreigner against a Filipino spouse is recognized.&#13;    Legal separation authorizes the couple's separation from bed but leaves the marital cord unsevered.</subfield>
  </datafield>
  <datafield tag="650" ind1="1" ind2="0">
   <subfield code="a">Divorce law</subfield>
  </datafield>
  <datafield tag="650" ind1="2" ind2="0">
   <subfield code="a">Annulment of Marriage</subfield>
  </datafield>
  <datafield tag="650" ind1="2" ind2="0">
   <subfield code="a">Separation (Law)</subfield>
  </datafield>
  <datafield tag="773" ind1="0" ind2="#">
   <subfield code="t">IBP Journal</subfield>
   <subfield code="g">Vol. 39, no. 3 &amp; 4 (Jul. 2014 - Dec. 2014), 106-142</subfield>
  </datafield>
  <datafield tag="852" ind1="#" ind2="#">
   <subfield code="a">UPD</subfield>
   <subfield code="b">DLAW</subfield>
  </datafield>
  <datafield tag="942" ind1="#" ind2="#">
   <subfield code="a">Article</subfield>
  </datafield>
  <datafield tag="950" ind1="#" ind2="#">
   <subfield code="a">FI</subfield>
  </datafield>
 </record>
</collection>
